| 000 | 00454nam a2200181Ia 4500 | ||
|---|---|---|---|
| 003 | GCL | ||
| 008 | 140319s9999 xx 000 0 eng d | ||
| 040 |
_aGCL / _cGCL |
||
| 082 | 0 | 4 |
_a599.7358 _b _bS P |
| 100 | 1 | _aSPEEDY, A.W. | |
| 245 | 1 | 0 |
_aPROGRAM IN SHEEP AND GOAT RESEARCH / _cSPEEDY, A.W. |
| 260 |
_a[S.N] : _bC. A. B INTERNATIONAL ، _c1992 |
||
| 300 | _a280 P | ||
| 650 | 0 | 4 | _aNUTRITION |
| 650 | 0 | 4 | _aSHEEP |
| 650 | 0 | 4 | _aGOAT |
| 942 |
_2ddc _cBK |
||
| 999 |
_c16838 _d16838 |
||